01146nim a2200253 a 450000500170000000800370001702000170005408200140007110000240008524500800010925000450018930000490023450502890028365000470057265000480061965000470066794200120071426400280072633600270075433700330078133800280081404000350084299900150087720220317000055.0141031s2013 c g 000 0 s a97895870479804a909bU73h1 aUribe, Dianad1959-10aHistoria de las civilizacionesccontada por Diana UribehGrabación sonora aPrimera edición., novena reimpresión a6 discos compactos sonoroc12 cme1 follleto aCD1. Historia de las civilizaciones, parte 1 -- CD2. Historia de las civilizaciones, parte 2 -- CD3. Historia de las civilizaciones, parte 3 -- CD4. Historia de las civilizaciones, parte 4 -- CD5. Historia de las civilizaciones, parte 5 -- CD6. Historia de las civilizaciones, parte 6142LEMBaCivilización antiguavCDxHistoria142LEMBaCivilización medievalvCDxHistoria142LEMBaCivilización modernavCDxHistoria 2ddccCD aBogotábAguilarc2013 atextobtxt2rdacontent asin mediaciónbn2rdamedia avolumenbnc2rdacarrier aCO-BoRNBPbspaerdacCO-BoRNBP c3051d3051